000
00193 a2200097 4500
001
27945
100
_a
Leaver, K D
245
_a
Thin films 17
260
_a
_b
Wykeham
_c
090
_c
18653
_d
18653
942
_a
NUST-CAE
_c
M
_c
9617
999
_c
263018
_d
263018